[Event "Berlin-ch U16 final"]
[Site "Berlin"]
[Date "2008.01.07"]
[Round "3.2"]
[White "Velina, Valeria"]
[Black "Stognief, Ole"]
[Result "1/2-1/2"]
[WhiteElo "1332"]
[BlackElo "1280"]
[PlyCount "34"]
[EventDate "2008.01.06"]
[EventType "swiss"]
[EventRounds "7"]
[EventCountry "GER"]
[SourceTitle "EXT 2022"]
[Source "ChessBase"]
[SourceDate "2021.10.06"]
[SourceVersion "1"]
[SourceVersionDate "2021.10.06"]
[SourceQuality "1"]

1. e4 c6 2. d4 d5 3. Nc3 dxe4 4. Nxe4 Bf5 5. Ng3 Bg6 6. N1e2 e6 7. Nf4 Ne7 8. Bc4 Nd7 9. h4 e5 10. h5 Bxc2 11. Qxc2 exf4 12. Bxf4 b5 13. Ne4 Nc8 14. Bb3 Bb4+ 15. Bd2 Bxd2+ 16. Qxd2 h6 17. Rh3 0-0 1/2-1/2

[Event "Berlin-ch U16 final"]
[Site "Berlin"]
[Date "2008.01.06"]
[Round "1.5"]
[White "Duerre, Gregor"]
[Black "Stognief, Ole"]
[Result "0-1"]
[WhiteElo "1515"]
[BlackElo "1280"]
[PlyCount "48"]
[EventDate "2008.01.06"]
[EventType "swiss"]
[EventRounds "7"]
[EventCountry "GER"]
[SourceTitle "EXT 2022"]
[Source "ChessBase"]
[SourceDate "2021.10.06"]
[SourceVersion "1"]
[SourceVersionDate "2021.10.06"]
[SourceQuality "1"]

1. e4 c6 2. d4 d5 3. e5 Bf5 4. Bd3 Bxd3 5. Qxd3 Nd7 6. Nf3 e6 7. Bd2 c5 8. c3 Qb6 9. Qc2 Rc8 10. Qb3 Qxb3 11. axb3 a6 12. 0-0 Ne7 13. Na3 Nc6 14. Rac1 Be7 15. Rfd1 0-0 16. Bf4 Na5 17. c4 Nxb3 18. Rc3 Nxd4 19. Nxd4 cxd4 20. Rxd4 b5 21. cxd5 Rxc3 22. dxe6 Rc7 23. exd7 Rc6 24. f3 Bc5 0-1

[Event "Zehlendorf op"]
[Site "Berlin"]
[Date "2007.10.14"]
[Round "1"]
[White "Wuttke, Rudolf"]
[Black "Stognief, Ole"]
[Result "0-1"]
[WhiteElo "1658"]
[BlackElo "1204"]
[PlyCount "62"]
[EventDate "2007.10.11"]
[EventType "swiss"]
[EventRounds "7"]
[EventCountry "GER"]
[SourceTitle "EXT 2010"]
[Source "ChessBase"]
[SourceDate "2010.11.25"]
[SourceVersion "1"]
[SourceVersionDate "2010.11.25"]
[SourceQuality "1"]

1. c4 e5 2. Nc3 Nf6 3. Nf3 Nc6 4. e3 e4 5. Ng5 Be7 6. Ngxe4 Nxe4 7. Nxe4 d5 8. cxd5 Qxd5 9. Nc3 Qa5 10. Be2 Bf5 11. a3 0-0-0 12. 0-0 Nb4 13. Bg4 Nd3 14. Bxf5+ Qxf5 15. Qa4 a6 16. Ne2 Bf6 17. Qc2 Qb5 18. Nc3 Qc6 19. Ra2 Rhe8 20. b4 Re5 21. f3 Rh5 22. Ne4 Qe6 23. Nxf6 Qxf6 24. Qc4 Rh4 25. f4 Qh6 26. h3 Qg6 27. Kh2 Ne5 28. Qe2 Ng4+ 29. Kh1 Re8 30. f5 Qg5 31. Rf4 Qxf4 0-1

[Event "GER-ch U12"]
[Site "Willingen"]
[Date "2004.06.04"]
[Round "10"]
[White "Saak, Saskia"]
[Black "Stognief, Ole"]
[Result "0-1"]
[WhiteElo "1084"]
[BlackElo "1292"]
[PlyCount "112"]
[EventDate "2004.06.??"]
[EventType "swiss"]
[EventRounds "11"]
[EventCountry "GER"]
[SourceTitle "EXT 2005"]
[Source "ChessBase"]
[SourceDate "2004.11.15"]
[SourceVersion "1"]
[SourceVersionDate "2004.11.15"]
[SourceQuality "1"]

1. e4 c6 2. Nc3 d5 3. Nf3 Bg4 4. exd5 cxd5 5. h3 Bh5 6. Bb5+ Nc6 7. g4 Bg6 8. Ne5 Qc7 9. d4 e6 10. h4 Bd6 11. h5 Bxe5 12. hxg6 Bd6 13. gxh7 Nf6 14. Be3 Rxh7 15. Rxh7 Nxh7 16. Qd3 Nf6 17. g5 Nd7 18. 0-0-0 0-0-0 19. Qh7 Bf8 20. Qg8 Nb6 21. Bxc6 bxc6 22. g6 Qe7 23. Qxf7 Qxf7 24. gxf7 Rd7 25. Bg5 Rxf7 26. f4 Be7 27. Bxe7 Rxe7 28. Re1 Kd7 29. Ne2 Nc4 30. b3 Nd6 31. Ng3 Rf7 32. Rf1 Nb5 33. f5 Nxd4 34. fxe6+ Kxe6 35. Rxf7 Kxf7 36. Kd2 Ne6 37. Kd3 g5 38. c4 dxc4+ 39. Kxc4 Ke7 40. b4 a6 41. a3 Kd6 42. a4 Ke5 43. b5 cxb5+ 44. axb5 axb5+ 45. Kxb5 Kf4 46. Ne2+ Kf3 47. Ng1+ Kg2 48. Ne2 g4 49. Kc4 Kf2 50. Nc3 Ng5 51. Nd1+ Ke1 52. Ne3 g3 53. Ng2+ Kf2 54. Nf4 Kf3 55. Kd3 Kxf4 56. Ke2 Nh3 0-1

[Event "GER-ch U12"]
[Site "Willingen"]
[Date "2004.05.31"]
[Round "5"]
[White "Dzodziev, Daniel"]
[Black "Stognief, Ole"]
[Result "1-0"]
[WhiteElo "1544"]
[BlackElo "1292"]
[PlyCount "185"]
[EventDate "2004.06.??"]
[EventType "swiss"]
[EventRounds "11"]
[EventCountry "GER"]
[SourceTitle "EXT 2005"]
[Source "ChessBase"]
[SourceDate "2004.11.15"]
[SourceVersion "1"]
[SourceVersionDate "2004.11.15"]
[SourceQuality "1"]

1. e4 c6 2. d4 d5 3. Nc3 e6 4. exd5 cxd5 5. Bd3 Nc6 6. Nge2 Bd6 7. a3 Nf6 8. Bg5 0-0 9. 0-0 Re8 10. Rc1 b6 11. Nb5 Be7 12. Qd2 a6 13. Nbc3 Bb7 14. Nd1 Qc7 15. Ne3 a5 16. Bxf6 Bxf6 17. Ng4 Qe7 18. Bb5 Rec8 19. c4 Ba6 20. Bxa6 Rxa6 21. cxd5 exd5 22. Nf4 Bg5 23. Qd3 Raa8 24. Nxd5 Qd8 25. Nge3 Ne7 26. Rxc8 Rxc8 27. Nxe7+ Qxe7 28. Nd5 Qe6 29. Qb5 Rb8 30. Nc7 Qe7 31. Na6 Rb7 32. d5 h6 33. Qc6 Bf4 34. Rd1 Qe2 35. Rf1 Qxa6 36. Qc8+ Kh7 37. Qf5+ Kg8 38. Qxf4 Qb5 39. Qf5 Rb8 40. Qe5 Re8 41. Qd4 Rd8 42. d6 Qc6 43. Rd1 b5 44. d7 Qe6 45. h3 Kf8 46. Qc5+ Qe7 47. Qxb5 Qe6 48. Qxa5 Rxd7 49. Rxd7 Qxd7 50. Qb4+ Kg8 51. a4 Qd1+ 52. Kh2 Qe2 53. Qd4 Qa6 54. b3 Qc8 55. b4 Qb8+ 56. g3 g5 57. a5 h5 58. Qe4 h4 59. Kg2 hxg3 60. fxg3 Qd8 61. g4 Qd2+ 62. Kf3 Qc3+ 63. Kg2 Qd2+ 64. Kf1 Qc1+ 65. Ke2 Qb2+ 66. Kd1 Qa1+ 67. Kc2 Qa2+ 68. Kc3 Qa1+ 69. Kc4 Qc1+ 70. Kb5 Qf1+ 71. Qc4 Qxh3 72. a6 Qg2 73. Qc8+ Kg7 74. a7 Qd5+ 75. Qc5 Qd7+ 76. Kc4 Qe6+ 77. Kc3 Qe1+ 78. Kb3 Qb1+ 79. Ka4 Qd1+ 80. Ka5 Qd8+ 81. Ka6 Qf6+ 82. Qb6 Qf1+ 83. b5 Qa1+ 84. Kb7 Qh1+ 85. Qc6 Qe1 86. a8Q Qe7+ 87. Kb6 Qe3+ 88. Qc5 Qe6+ 89. Qac6 Qxg4 90. Qe5+ Kg8 91. Qce8+ Kh7 92. Q8h8+ Kg6 93. Qef6# 1-0